Моделирование процесса компаундирования с применением генетического метода; Химия и химическая технология в XXI веке

Bibliografiset tiedot
Parent link:Химия и химическая технология в XXI веке.— 2020.— [С. 379-380]
Päätekijä: Лось Е. А.
Yhteisötekijä: Национальный исследовательский Томский политехнический университет Инженерная школа природных ресурсов Отделение химической инженерии
Muut tekijät: Долганов И. М. Игорь Михайлович (научный руководитель)
Yhteenveto:Заглавие с экрана
Kieli:venäjä
Julkaistu: 2020
Sarja:Технология и моделирование процессов подготовки и переработки углеводородного сырья
Aiheet:
Linkit:http://earchive.tpu.ru/handle/11683/63412
Aineistotyyppi: MixedMaterials Elektroninen Kirjan osa
KOHA link:https://koha.lib.tpu.ru/cgi-bin/koha/opac-detail.pl?biblionumber=631911

MARC

LEADER 00000naa2a2200000 4500
001 631911
005 20231101133703.0
035 |a (RuTPU)RU\TPU\conf\33612 
035 |a RU\TPU\conf\33604 
090 |a 631911 
100 |a 20200924d2020 k y0rusy50 ca 
101 0 |a rus 
102 |a RU 
105 |a y z 101zy 
135 |a drgn ---uucaa 
181 0 |a i  
182 0 |a b 
200 1 |a Моделирование процесса компаундирования с применением генетического метода  |f Е. А. Лось  |g науч. рук. И. М. Долганов 
203 |a Текст  |c электронный 
225 1 |a Технология и моделирование процессов подготовки и переработки углеводородного сырья 
230 |a 1 компьютерный файл (pdf; 704 Kb) 
300 |a Заглавие с экрана 
320 |a [Библиогр.: с. 380 (3 назв.)] 
338 |b Российский научный фонд  |d 18-7300086 
463 0 |0 (RuTPU)RU\TPU\conf\32967  |t Химия и химическая технология в XXI веке  |o материалы XXI Международной научно-практической конференции студентов и молодых ученых имени выдающихся химиков Л. П. Кулёва и Н. М. Кижнера, посвященной 110-летию со дня рождения профессора А. Г. Стромберга, 21–24 сентября 2020 г., г. Томск  |f Национальный исследовательский Томский политехнический университет  |v [С. 379-380]  |d 2020 
610 1 |a электронный ресурс 
610 1 |a труды учёных ТПУ 
610 1 |a моделирование процесса 
610 1 |a компаундирование 
610 1 |a генетические методы 
610 1 |a бензины 
610 1 |a октановые числа 
700 1 |a Лось  |b Е. А. 
702 1 |a Долганов  |b И. М.  |c химик-технолог  |c инженер Томского политехнического университета  |f 1987-  |g Игорь Михайлович  |2 stltpush  |4 727 
712 0 2 |a Национальный исследовательский Томский политехнический университет  |b Инженерная школа природных ресурсов  |b Отделение химической инженерии  |h 8085  |2 stltpush  |3 (RuTPU)RU\TPU\col\23513 
801 2 |a RU  |b 63413507  |c 20201125  |g RCR 
856 4 |u http://earchive.tpu.ru/handle/11683/63412 
942 |c BK